Psycholinguistics: a resource book for students

Gorde:
Xehetasun bibliografikoak
Egile nagusia: Field, John (Egilea)
Formatua: Liburua
Hizkuntza:ingelesa
Argitaratua: Nueva York Routledge 2003
Edizioa:1a. ed
Saila:Routledge English Language Introductions
Gaiak:
Etiketak: Etiketa erantsi
Etiketarik gabe, Izan zaitez lehena erregistro honi etiketa jartzen!

MARC

LEADER 00000nam a2200000 a 4500
001 UCK5460
003 CL-VaPUC
008 050805e20030000US |||||||||||||||||eng|d
020 |a 0415276004 
082 0 4 |a 401.9  |b FIE  |2 21 
100 0 |a Field, John  |e author  |9 494221 
245 1 0 |a Psycholinguistics: a resource book for students 
250 |a 1a. ed 
300 |a 231 p 
942 |c BK 
945 |d 20050805 00:00:00  |a cmena 
260 |a Nueva York  |b Routledge  |c 2003 
650 0 |a Psicolingüística   |9 283371 
650 0 |a Trastornos del lenguaje  |9 336278 
650 0 |a Cognición   |9 270347 
650 0 |a Adquisición del lenguaje   |9 309032 
583 |a last modification  |c 20050805 00:00:00  |k Rodrigo Vera 
490 0 |a Routledge English Language Introductions 
999 |c 313972  |d 313970 
952 |0 0  |1 0  |4 0  |6 401_900000000000000_FIE_2003  |7 0  |8 A  |9 385813  |a FDOPOS  |b FDOPOS  |d 2019-11-22  |i 4150716  |o 401.9 FIE 2003  |p 4150716  |r 2025-01-22  |w 2019-11-22  |y BK  |k MLA 
952 |0 0  |1 0  |4 0  |6 401_900000000000000_FIE_2003  |7 0  |8 A  |9 385814  |a FDOPOS  |b FDOPOS  |d 2019-11-22  |i 4150724  |o 401.9 FIE 2003  |p 4150724  |r 2025-01-22  |w 2019-11-22  |y BK  |k MLA 
952 |0 0  |1 0  |4 0  |6 401_900000000000000_FIE_2003  |7 0  |8 A  |9 385815  |a FDOPOS  |b FDOPOS  |d 2019-11-22  |i 4150732  |o 401.9 FIE 2003  |p 4150732  |r 2025-01-22  |w 2019-11-22  |y BK  |k MLA